00463nam a2200157Ia 4500008004100000020001400041082001500055100001700070245005300087250000700140260003600147300003200183500001900215600002100234650005000255240925s9999 xx 000 0 und d a131579428 a005.43 UNI aPress Unix - 0aProgramming With Unix System Calls and Libraries aNA aNew Jersey:bUnix Pressc,1993. aVarious pagesbNAfOriginal aIncludes Index aComputer Science aComputer science, information & general works